00247nam a2200085Ia 4500008004100000100001700041245005700058260003800115300000800153201216s9999 xx 000 0 und d aThomas, R.E. 0aThomas Stowage : The properties & Stowage of cargoes aGlasgowbBrown,Son &Ferguson Ltd. a370